[Event "Antwerp World Uni op (Women)"]
[Site "Antwerp"]
[Date "2022.09.17"]
[Round "9"]
[White "Ahereza, Joan"]
[Black "Nemcova, Karin"]
[Result "0-1"]
[WhiteElo "1459"]
[BlackElo "2091"]
[PlyCount "91"]
[EventDate "2022.09.12"]
[EventType "swiss"]
[EventRounds "9"]
[EventCountry "BEL"]
[SourceTitle "CBM 210 Extra"]
[Source "ChessBase"]
[SourceDate "2022.11.30"]
[SourceVersion "1"]
[SourceVersionDate "2022.11.30"]
[SourceQuality "1"]

1. d4 Nf6 2. c4 e6 3. Nc3 Bb4 4. Nf3 c5 5. d5 d6 6. Bg5 h6 7. Bh4 g5 8. Bg3 Bxc3+ 9. bxc3 e5 10. Qc2 Qe7 11. e4 Nbd7 12. Be2 Kd8 13. Nd2 Kc7 14. a4 a5 15. Rb1 b6 16. Nf1 Rb8 17. Ne3 Nf8 18. h3 Kb7 19. Bg4 Nxg4 20. hxg4 Ng6 21. Nf5 Bxf5 22. gxf5 Nf8 23. Ke2 Nd7 24. f3 h5 25. Bf2 h4 26. Rb5 Ka7 27. Rbb1 Nf6 28. Rh2 Nh5 29. Be3 Qf6 30. Rbh1 Ng3+ 31. Kf2 Nxh1+ 32. Rxh1 Rbg8 33. Qe2 Qg7 34. Rh3 g4 35. fxg4 Qxg4 36. Qf3 Rh7 37. Kf1 Rhg7 38. Rh2 Qxf3+ 39. gxf3 Rg3 40. Rxh4 Rxf3+ 41. Ke2 Rgg3 42. Bf2 Rh3 43. Rg4 Rxc3 44. Rg7 Rc2+ 45. Kf1 Rf3 46. Rxf7+ 0-1

[Event "Antwerp World Uni op (Women)"]
[Site "Antwerp"]
[Date "2022.09.16"]
[Round "8"]
[White "Nemcova, Karin"]
[Black "Mak, Tsz Wing Cora"]
[Result "1-0"]
[WhiteElo "2091"]
[BlackElo "1611"]
[PlyCount "81"]
[EventDate "2022.09.12"]
[EventType "swiss"]
[EventRounds "9"]
[EventCountry "BEL"]
[SourceTitle "CBM 210 Extra"]
[Source "ChessBase"]
[SourceDate "2022.11.30"]
[SourceVersion "1"]
[SourceVersionDate "2022.11.30"]
[SourceQuality "1"]

1. e4 c5 2. Nf3 Nc6 3. d4 cxd4 4. Nxd4 g6 5. c4 Nf6 6. Nc3 Bg7 7. Be3 d6 8. Be2 a5 9. b3 0-0 10. f3 Bd7 11. 0-0 Nxd4 12. Bxd4 a4 13. Kh1 Qa5 14. b4 Qxb4 15. Rb1 Qa5 16. Rxb7 Rfb8 17. Qb1 Qd8 18. Rxb8 Rxb8 19. Nb5 Bxb5 20. cxb5 Nd7 21. Qb2 Bxd4 22. Qxd4 Qa5 23. Rc1 Nc5 24. h3 Ne6 25. Qb2 a3 26. Qc3 Qa4 27. Rb1 Nf4 28. Bc4 Qa7 29. Qd2 Ne6 30. Qb4 Nc5 31. b6 Qa4 32. Qc3 e6 33. e5 Nb7 34. Bb5 Qa8 35. Bc6 Qa5 36. Qe3 Qxe5 37. Qxa3 Nd8 38. Bd7 d5 39. Qc1 Qd6 40. Qc7 Nb7 41. Bc6 1-0

[Event "Mitropa Cup (Women)"]
[Site "Corte"]
[Date "2022.05.07"]
[Round "8.2"]
[White "Nemcova, Karin"]
[Black "Navrotescu, Andreea Cristiana"]
[Result "0-1"]
[WhiteElo "2181"]
[BlackElo "2275"]
[PlyCount "70"]
[EventDate "2022.04.30"]
[EventType "team-tourn"]
[EventRounds "9"]
[EventCountry "FRA"]
[SourceTitle "CBM 208 Extra"]
[Source "ChessBase"]
[SourceDate "2022.07.31"]
[SourceVersion "1"]
[SourceVersionDate "2022.07.31"]
[SourceQuality "1"]
[WhiteTeam "Czech Republic (W)"]
[BlackTeam "France (W)"]
[WhiteTeamCountry "CZE"]
[BlackTeamCountry "FRA"]

1. e4 e6 2. d4 d5 3. Nc3 Nf6 4. Bg5 dxe4 5. Nxe4 Be7 6. Bxf6 gxf6 7. Nf3 f5 8. Ned2 c5 9. Nc4 Nc6 10. Nce5 Nxd4 11. Nxd4 Qxd4 12. Bb5+ Kf8 13. Qxd4 cxd4 14. 0-0-0 a6 15. Be2 f6 16. Nc4 Bc5 17. b4 Bxb4 18. Rxd4 Ke7 19. Bf3 e5 20. Rh4 Bc5 21. Ne3 e4 22. Be2 Be6 23. Kb2 Rac8 24. Rd1 Bd6 25. c4 Be5+ 26. Kb3 b5 27. Rh5 bxc4+ 28. Bxc4 Rxc4 29. Nxc4 Rb8+ 30. Ka4 Bxc4 31. Rxh7+ Ke6 32. Rc1 Bb5+ 33. Ka5 Bf4 34. Rc2 Bd3 35. Rc6+ Ke5 0-1

[Event "Mitropa Cup (Women)"]
[Site "Corte"]
[Date "2022.05.06"]
[Round "7.2"]
[White "Brunello, Marina"]
[Black "Nemcova, Karin"]
[Result "1-0"]
[WhiteElo "2337"]
[BlackElo "2181"]
[PlyCount "95"]
[EventDate "2022.04.30"]
[EventType "team-tourn"]
[EventRounds "9"]
[EventCountry "FRA"]
[SourceTitle "CBM 208 Extra"]
[Source "ChessBase"]
[SourceDate "2022.07.31"]
[SourceVersion "1"]
[SourceVersionDate "2022.07.31"]
[SourceQuality "1"]
[WhiteTeam "Italy (W)"]
[BlackTeam "Czech Republic (W)"]
[WhiteTeamCountry "ITA"]
[BlackTeamCountry "CZE"]

1. e4 c5 2. Nf3 d6 3. d4 cxd4 4. Nxd4 Nf6 5. Nc3 a6 6. Be3 e6 7. Be2 Be7 8. 0-0 0-0 9. f4 Qc7 10. Bf3 Nc6 11. Nb3 b5 12. a4 b4 13. Ne2 a5 14. c4 bxc3 15. Nxc3 Bb7 16. Nb5 Qd7 17. Rc1 Rfc8 18. Nd2 d5 19. e5 Ne8 20. Nc4 Bd8 21. Nb6 Bxb6 22. Bxb6 Ba6 23. Be2 Qb7 24. Bc5 Bxb5 25. axb5 Ne7 26. Qd4 g6 27. g4 Ng7 28. Rc3 h5 29. h3 Kh7 30. Bd3 Qd7 31. Rfc1 Rh8 32. Bd6 Ne8 33. Rc7 Nxc7 34. Rxc7 Qd8 35. Rxe7 hxg4 36. Rxf7+ Kg8 37. Rf8+ Qxf8 38. Bxf8 Rxf8 39. hxg4 Rh4 40. Be2 Rh3 41. f5 gxf5 42. gxf5 exf5 43. Qxd5+ Kh8 44. e6 f4 45. Qe5+ Kh7 46. e7 Rg8+ 47. Kf2 Re3 48. Bd3+ 1-0

[Event "Mitropa Cup (Women)"]
[Site "Corte"]
[Date "2022.04.30"]
[Round "1.2"]
[White "Urh, Zala"]
[Black "Nemcova, Karin"]
[Result "1-0"]
[WhiteElo "2284"]
[BlackElo "2181"]
[PlyCount "105"]
[EventDate "2022.04.30"]
[EventType "team-tourn"]
[EventRounds "9"]
[EventCountry "FRA"]
[SourceTitle "CBM 208 Extra"]
[Source "ChessBase"]
[SourceDate "2022.07.31"]
[SourceVersion "1"]
[SourceVersionDate "2022.07.31"]
[SourceQuality "1"]
[WhiteTeam "Slovenia (W)"]
[BlackTeam "Czech Republic (W)"]
[WhiteTeamCountry "SLO"]
[BlackTeamCountry "CZE"]

1. d4 d5 2. c4 e6 3. Nc3 Nf6 4. Nf3 Bb4 5. e3 0-0 6. Bd2 Re8 7. Rc1 a6 8. a3 Bd6 9. Bd3 dxc4 10. Bxc4 c5 11. 0-0 Nc6 12. Ba2 cxd4 13. exd4 h6 14. Re1 Bd7 15. b4 Ne7 16. Ne5 Nf5 17. Bf4 Bb5 18. a4 Bc6 19. Rb1 Rc8 20. Qd3 Bxe5 21. Bxe5 Nd5 22. Ne4 Bxa4 23. Rb2 Bb5 24. Qd2 f6 25. Bg3 b6 26. h3 Nxg3 27. Nxg3 Rc6 28. Bb1 Qd7 29. Nh5 Rd6 30. Rb3 Qf7 31. Nxg7 Kf8 32. Nxe8 Kxe8 33. Qxh6 Ne7 34. Qf4 Kd7 35. Rc1 Nd5 36. Qh6 Ne7 37. Rg3 e5 38. Rg7 Qe6 39. Qh7 Kd8 40. Qh8+ Be8 41. dxe5 Qxe5 42. Qh4 Bc6 43. Rg3 Qd5 44. Re1 Kd7 45. Qh7 Re6 46. Rxe6 Qxe6 47. Re3 Qd6 48. Bf5+ Kd8 49. Rd3 Bd5 50. Be4 Qxb4 51. Bxd5 Qe1+ 52. Kh2 Qe5+ 53. g3 1-0

[Event "EU-chT (Women) 23rd"]
[Site "Terme Catez"]
[Date "2021.11.19"]
[Round "7.4"]
[White "Motycakova, Monika"]
[Black "Nemcova, Karin"]
[Result "0-1"]
[WhiteElo "2119"]
[BlackElo "2169"]
[PlyCount "80"]
[EventDate "2021.11.12"]
[EventType "team-swiss"]
[EventRounds "9"]
[EventCountry "SLO"]
[SourceTitle "CBM 205"]
[Source "ChessBase"]
[SourceDate "2021.12.31"]
[SourceVersion "1"]
[SourceVersionDate "2021.12.31"]
[SourceQuality "1"]
[WhiteTeam "Slovakia (W)"]
[BlackTeam "Czech Republic (W)"]
[WhiteTeamCountry "SVK"]
[BlackTeamCountry "CZE"]

1. e4 c5 2. Nf3 d6 3. d4 cxd4 4. Nxd4 Nf6 5. Nc3 a6 6. Be2 e5 7. Nf3 Be7 8. Bg5 Be6 9. Bxf6 Bxf6 10. 0-0 0-0 11. Nd5 Nd7 12. Bc4 Rc8 13. Qe2 Nb6 14. Nxb6 Qxb6 15. Bb3 Rfd8 16. Rfd1 a5 17. c3 Bxb3 18. axb3 Rc5 19. Qc2 d5 20. exd5 Rcxd5 21. Rxd5 Rxd5 22. Rd1 Rb5 23. Nd2 Be7 24. Nc4 Qe6 25. Ra1 b6 26. Re1 f5 27. h3 e4 28. Re2 Bg5 29. Re1 Rc5 30. Na3 b5 31. Rd1 f4 32. Re1 e3 33. fxe3 fxe3 34. Re2 Rd5 35. Nb1 Qd6 36. Re1 Bh4 37. Rf1 Bf2+ 38. Kh1 Qg6 39. Qe2 Qg3 40. c4 Rg5 0-1

[Event "Wch FIDE Online U18 Girls Europe qual"]
[Site "Tornelo INT"]
[Date "2020.12.09"]
[Round "7"]
[White "Nemcova, Karin"]
[Black "Bucur, Denisa Andreea"]
[Result "1-0"]
[WhiteElo "1697"]
[BlackElo "1756"]
[PlyCount "111"]
[EventDate "2020.12.07"]
[EventType "swiss (rapid)"]
[EventRounds "7"]
[EventCountry "ISS"]
[SourceTitle "EXT 2022"]
[Source "ChessBase"]
[SourceDate "2021.10.06"]
[SourceVersion "1"]
[SourceVersionDate "2021.10.06"]
[SourceQuality "1"]

1. e4 e6 2. d4 d5 3. Nc3 Bb4 4. e5 c5 5. a3 Bxc3+ 6. bxc3 Qa5 7. Bd2 Qa4 8. Qg4 Kf8 9. Bd3 Ne7 10. f4 Nbc6 11. Nf3 b6 12. Ng5 Nf5 13. Qh3 cxd4 14. g4 Ne3 15. Bxe3 dxe3 16. Qxe3 Ba6 17. f5 Bxd3 18. cxd3 h6 19. Qh3 Qf4 20. fxe6 Qxe5+ 21. Kd1 Qxg5 22. Rf1 f6 23. Rf5 Qg6 24. Rxd5 Rd8 25. c4 Rxd5 26. cxd5 Ne5 27. Rc1 Ke7 28. d4 Qxg4+ 29. Qxg4 Nxg4 30. Rc7+ Kd8 31. Rxa7 Re8 32. Ra8+ Ke7 33. d6+ Kxe6 34. Rxe8+ Kxd6 35. h3 Nf2+ 36. Ke2 Nxh3 37. Rg8 g5 38. Rh8 h5 39. Rh6 Nf4+ 40. Ke3 Ke6 41. Rh8 h4 42. Kf3 Kf5 43. Rb8 Nd5 44. Rd8 g4+ 45. Kf2 Nf4 46. d5 g3+ 47. Kf3 g2 48. Rg8 h3 49. d6 h2 50. d7 Ne6 51. Kxg2 h1Q+ 52. Kxh1 Ke5 53. d8Q Nxd8 54. Rxd8 f5 55. Kg2 f4 56. Kf3 1-0

[Event "Pardubice Czech op-A 31st"]
[Site "Pardubice"]
[Date "2020.09.26"]
[Round "7"]
[White "Nemcova, Karin"]
[Black "Haba, Petr"]
[Result "0-1"]
[WhiteElo "1983"]
[BlackElo "2461"]
[PlyCount "84"]
[EventDate "2020.09.21"]
[EventType "swiss"]
[EventRounds "9"]
[EventCountry "CZE"]
[SourceTitle "CBM 198 Extra"]
[Source "ChessBase"]
[SourceDate "2020.11.30"]
[SourceVersion "1"]
[SourceVersionDate "2020.11.30"]
[SourceQuality "1"]

1. e4 e6 2. d4 d5 3. Nc3 dxe4 4. Nxe4 Nd7 5. g3 b6 6. Bg2 Rb8 7. Ne2 Bb7 8. 0-0 Ngf6 9. Nxf6+ Nxf6 10. c4 Bxg2 11. Kxg2 Qd7 12. b3 Be7 13. Bb2 0-0 14. Nf4 b5 15. Qe2 bxc4 16. Qxc4 Bd6 17. Nd3 Nd5 18. Rac1 f5 19. Qc6 Qf7 20. f4 Rb6 21. Qa4 Ne3+ 22. Kg1 Nxf1 23. Rxf1 Rbb8 24. Qc4 h6 25. Re1 Rfe8 26. Ne5 Bxe5 27. Rxe5 Kh7 28. Rc5 Re7 29. Ba3 Rd7 30. Rc6 Rb6 31. Rc5 Rbd6 32. Bb2 Qh5 33. Qf1 Rxd4 34. Bxd4 Rxd4 35. Qf2 Rd1+ 36. Kg2 Qf7 37. Qc2 Qd7 38. Kh3 Rd2 39. Qc3 c6 40. Ra5 Re2 41. Re5 Rxa2 42. Qe3 Qd1 0-1

[Event "Pardubice Czech op-A 31st"]
[Site "Pardubice"]
[Date "2020.09.23"]
[Round "3"]
[White "Nemcova, Karin"]
[Black "Peycheva, Gergana"]
[Result "1-0"]
[WhiteElo "1983"]
[BlackElo "2270"]
[PlyCount "85"]
[EventDate "2020.09.21"]
[EventType "swiss"]
[EventRounds "9"]
[EventCountry "CZE"]
[SourceTitle "CBM 198 Extra"]
[Source "ChessBase"]
[SourceDate "2020.11.30"]
[SourceVersion "1"]
[SourceVersionDate "2020.11.30"]
[SourceQuality "1"]

1. e4 c5 2. Nf3 Nc6 3. Bb5 g6 4. 0-0 Bg7 5. c3 Nf6 6. Re1 0-0 7. d4 d5 8. e5 Ne4 9. Be3 Qb6 10. Bxc6 bxc6 11. Qc1 Rb8 12. b3 cxd4 13. cxd4 f6 14. Nc3 Nxc3 15. Qxc3 Bg4 16. Nd2 Rbc8 17. b4 fxe5 18. dxe5 Qc7 19. Bd4 a5 20. a3 axb4 21. axb4 Rb8 22. Ra7 Rb7 23. b5 Rc8 24. b6 Qb8 25. Rxb7 Qxb7 26. h3 Bf5 27. Bc5 Qb8 28. f3 Rf8 29. Nb3 Bd7 30. Bd4 Qc8 31. Nc5 Bxh3 32. e6 Bxd4+ 33. Qxd4 Bxg2 34. Kxg2 Rf5 35. Re5 Rf8 36. b7 Qc7 37. Nd7 c5 38. Qxd5 Rd8 39. b8Q Rxb8 40. Nxb8 Qxb8 41. Qxc5 Qb2+ 42. Kg3 Kf8 43. Re4 1-0

[Event "CZE-ch rapid U20"]
[Site "Ceska Trebova"]
[Date "2020.09.19"]
[Round "6"]
[White "Klabenes, Petr"]
[Black "Nemcova, Karin"]
[Result "0-1"]
[WhiteElo "1276"]
[BlackElo "1644"]
[PlyCount "60"]
[EventDate "2020.09.19"]
[EventType "swiss (rapid)"]
[EventRounds "9"]
[EventCountry "CZE"]
[SourceTitle "CBM 198 Extra"]
[Source "ChessBase"]
[SourceDate "2020.11.30"]
[SourceVersion "1"]
[SourceVersionDate "2020.11.30"]
[SourceQuality "1"]

1. e4 c5 2. b4 cxb4 3. a3 bxa3 4. Bxa3 d6 5. d4 Nf6 6. Bd3 Nc6 7. c3 e5 8. d5 Nb8 9. Qd2 Be7 10. f4 exf4 11. Qxf4 Qc7 12. Nf3 Nbd7 13. 0-0 0-0 14. Kh1 Nc5 15. Bxc5 Qxc5 16. c4 Ng4 17. Ra2 Bf6 18. Na3 Be5 19. Nxe5 Nxe5 20. Qg3 Bd7 21. Be2 Qd4 22. Qf4 f5 23. Nc2 Qc5 24. Ne3 Ng6 25. Qg3 f4 26. Qg5 fxe3 27. h4 Rxf1+ 28. Bxf1 Qd4 29. h5 Qd1 30. Kg1 Rf8 0-1

[Event "CZE-ch rapid U20"]
[Site "Ceska Trebova"]
[Date "2020.09.19"]
[Round "4"]
[White "Nemcova, Karin"]
[Black "Slovak, Kilian"]
[Result "0-1"]
[WhiteElo "1644"]
[BlackElo "2156"]
[PlyCount "82"]
[EventDate "2020.09.19"]
[EventType "swiss (rapid)"]
[EventRounds "9"]
[EventCountry "CZE"]
[SourceTitle "CBM 198 Extra"]
[Source "ChessBase"]
[SourceDate "2020.11.30"]
[SourceVersion "1"]
[SourceVersionDate "2020.11.30"]
[SourceQuality "1"]

1. e4 Nc6 2. d4 d5 3. exd5 Qxd5 4. Be3 e5 5. Nc3 Bb4 6. Nf3 Bg4 7. Be2 exd4 8. 0-0 Qh5 9. Nxd4 Bxe2 10. Qxe2 Qxe2 11. Ncxe2 Nge7 12. Nxc6 Nxc6 13. Nd4 Nxd4 14. Bxd4 f6 15. c3 Bd6 16. Rfe1+ Kf7 17. Re2 Rhe8 18. Rae1 Rxe2 19. Rxe2 Rd8 20. g3 a6 21. Be3 Be5 22. f4 Bd6 23. g4 g6 24. f5 gxf5 25. gxf5 Re8 26. Re1 Re5 27. Bf2 Rxf5 28. Bg3 Bc5+ 29. Kg2 Rd5 30. Re2 c6 31. Bf2 Bxf2 32. Kxf2 Rd3 33. Ke1 a5 34. a4 h6 35. Re4 Rh3 36. Re2 f5 37. Kf1 Kf6 38. Kg2 Rd3 39. Kf2 Kg5 40. Ke1 Kf4 41. Re7 Re3+ 0-1

[Event "EU-chT U18 Girls"]
[Site "Pardubice"]
[Date "2019.07.17"]
[Round "7.2"]
[White "Nemcova, Karin"]
[Black "Zeliantsova, Kseniya"]
[Result "1-0"]
[WhiteElo "1956"]
[BlackElo "1907"]
[PlyCount "75"]
[EventDate "2019.07.11"]
[EventType "team-swiss"]
[EventRounds "7"]
[EventCountry "CZE"]
[SourceTitle "CBM 191 Extra"]
[Source "ChessBase"]
[SourceDate "2019.09.30"]
[SourceVersion "1"]
[SourceVersionDate "2019.09.30"]
[SourceQuality "1"]
[WhiteTeam "Czech Republic U18 Girls"]
[BlackTeam "Belarus U18 Girls"]
[WhiteTeamCountry "CZE"]
[BlackTeamCountry "BLR"]

1. e4 Nf6 2. e5 Nd5 3. d4 d6 4. c4 Nb6 5. Nf3 Nc6 6. exd6 exd6 7. h3 Bf5 8. Bd3 Bxd3 9. Qxd3 Be7 10. Bd2 Bf6 11. 0-0 0-0 12. Bc3 d5 13. c5 Na4 14. a3 a5 15. Qb5 Nxc3 16. bxc3 Qd7 17. a4 b6 18. cxb6 cxb6 19. Na3 Rab8 20. Nc2 Rfd8 21. Ne3 g6 22. Rab1 Qd6 23. Rb3 Bg7 24. Rfb1 Na7 25. Qa6 Nc8 26. Rb5 Qc6 27. Rxa5 Bh6 28. Qd3 Bxe3 29. Qxe3 Re8 30. Qf4 Rb7 31. Rab5 Nd6 32. Ne5 Qxc3 33. Rxd5 Nf5 34. Rc1 Qa3 35. Ng4 Kg7 36. Rxf5 gxf5 37. Qh6+ Kh8 38. Nf6 1-0

[Event "Mitropa Cup (Women)"]
[Site "Radenci"]
[Date "2019.06.01"]
[Round "6.2"]
[White "Cvitan, Ena"]
[Black "Nemcova, Karin"]
[Result "1-0"]
[WhiteElo "2132"]
[BlackElo "1947"]
[PlyCount "65"]
[EventDate "2019.05.27"]
[EventType "team-tourn"]
[EventRounds "9"]
[EventCountry "SLO"]
[SourceTitle "CBM 190 Extra"]
[Source "ChessBase"]
[SourceDate "2019.07.15"]
[SourceVersion "1"]
[SourceVersionDate "2019.07.15"]
[SourceQuality "1"]
[WhiteTeam "Croatia (W)"]
[BlackTeam "Czech Republic (W)"]
[WhiteTeamCountry "CRO"]
[BlackTeamCountry "CZE"]

1. d4 Nf6 2. c4 e6 3. Nc3 Bb4 4. e3 0-0 5. Bd3 d5 6. Nf3 dxc4 7. Bxc4 c5 8. 0-0 Nc6 9. a3 Bxc3 10. bxc3 Qc7 11. Qe2 e5 12. h3 Bf5 13. Bb2 Rad8 14. Rfd1 e4 15. Nd2 Bg6 16. Nf1 Bh5 17. g4 Bg6 18. Ng3 Na5 19. Rac1 b5 20. Bxb5 c4 21. a4 Qc8 22. Ba3 a6 23. Bb4 axb5 24. Bxa5 Rd5 25. Bb4 Re8 26. axb5 h5 27. Bc5 hxg4 28. h4 Rh5 29. Qxc4 Rxh4 30. b6 Nh5 31. Qb5 Nxg3 32. fxg3 Qb8 33. Bd6 1-0

[Event "Mitropa Cup (Women)"]
[Site "Radenci"]
[Date "2019.05.30"]
[Round "4.2"]
[White "Nemcova, Karin"]
[Black "Ferkova, Dominika"]
[Result "1-0"]
[WhiteElo "1947"]
[BlackElo "2037"]
[PlyCount "85"]
[EventDate "2019.05.27"]
[EventType "team-tourn"]
[EventRounds "9"]
[EventCountry "SLO"]
[SourceTitle "CBM 190 Extra"]
[Source "ChessBase"]
[SourceDate "2019.07.15"]
[SourceVersion "1"]
[SourceVersionDate "2019.07.15"]
[SourceQuality "1"]
[WhiteTeam "Czech Republic (W)"]
[BlackTeam "Slovakia (W)"]
[WhiteTeamCountry "CZE"]
[BlackTeamCountry "SVK"]

1. e4 c6 2. d4 d5 3. Nc3 dxe4 4. Nxe4 Nd7 5. c3 Ngf6 6. Nxf6+ Nxf6 7. Bc4 Bf5 8. Qb3 e6 9. Qxb7 Qc8 10. Ba6 e5 11. dxe5 Nd5 12. Nf3 Bc5 13. Qxc8+ Bxc8 14. Bxc8 Rxc8 15. 0-0 0-0 16. Rd1 Rfe8 17. c4 Nb6 18. b3 h6 19. Bb2 Red8 20. Nd2 Nd7 21. Ne4 Bb6 22. Rd2 Nf8 23. Rad1 Rxd2 24. Rxd2 Re8 25. Rd6 Ng6 26. c5 Bc7 27. Rxc6 Bxe5 28. Bxe5 Nxe5 29. Rd6 f5 30. Nd2 Nf7 31. Rd5 Re1+ 32. Nf1 Ra1 33. Rd2 Rc1 34. b4 a5 35. a3 Rc3 36. Rb2 axb4 37. axb4 Ne5 38. g3 Nd3 39. Rb1 Rc4 40. Ne3 Re4 41. c6 Re8 42. b5 Rc8 43. b6 1-0